Microestados em 1 minuto - Statistics

Estatísticas Gerais
  • Esse quiz foi jogado 61 vezes
  • A pontuação média é 9 de 24
Estatísticas das Respostas
km² Países % Correto
0.44 Vaticano
96%
2.02 Mônaco
85%
61 San Marino
77%
160 Liechtenstein
68%
468 Andorra
66%
26 Tuvalu
60%
21 Nauru
57%
316 Malta
38%
459 Palau
38%
747 Tonga
36%
702 Micronésia
32%
683 Singapura
30%
181 Ilhas Marshall
28%
261 São Cristóvão e Névis
28%
389 São Vicente e Granadinas
28%
726 Kiribati
26%
430 Barbados
23%
751 Dominica
19%
344 Granada
19%
539 Santa Lúcia
19%
442 Antígua e Barbuda
15%
298 Maldivas
13%
694 Bahrein
11%
455 Seychelles
11%
Nenhum quiz correspondente encontrado
Distribuição das Pontuações
Porcentagem de Pessoas com Cada Pontuação
Percentil de Números Respondidos
Sua Pontuação Histórica
Você não jogou esse quiz